000 03527nam a2200349Ia 4500
003 gtgcusco
005 20250307084131.0
008 250220t2006||||xx |||||||||||||| ||spa||
040 _agtgcusco
_bspa
_cgtgcusco
_dgtgcusco
041 _aspa
084 _aT2263
_2ODONTO
100 1 0 _aGarcía Galindo, Juan Valentín
_911068
245 0 _aDeterminación de la relación entre la presencia del tubérculo de carabelli en segundo molar superior primario y primer molar superior permanente, tubérculo sextum y tubérculo de selenka en segundo molar inferior primario y en primer molar inferior permanente, Chiquimula 2006 /
_cJuan Valentín García Galindo. --
260 _aGuatemala :
_bUSAC,
_c2006
300 _a57 páginas :
_bil. ;
_c28 cm.
336 _atexto
_2rdacontenido
_btxt
337 _aSin mediación
_2rdamedio
_bn
338 _avolumen
_2rdasoporte
_bnc
500 _aDisponible en CD y en línea
502 _aTesis (Cirujano Dentista) --Universidad de San Carlos de Guatemala, Facultad de Odontología
504 _6Bibliografía: pp. 43-44
520 _aCon el propósito de determinar la relación de las variantes morfológicas: Tubérculo de Carabelli, de Selenka y el Tubérculo Sextum entre la dentición primaria y la permanente, se realizó un estudio en estudiantes de nivel primario en las escuelas de las cabeceras departamentales de Alta Verapaz, Chiquimula, Huehuetenango, Izabal, Jutiapa, Sololá y Suchitepéquez; se obtuvo una muestra probabilística de 384 niños en cada cabecera .departamental. En la Cabecera Departamental de Chiquimula se visitaron las escuelas seleccionadas aleatoriamente con base en los datos obtenidos del Ministerio de Educación. Con la debida autorización de los directores se procedió a la revisión clínica de los niños y de acuerdo a los criterios de inclusión y exclusión ya establecidos en esta investigación, se procedió a determinar la presencia o ausencia de los tubérculos en primeros molares superiores e inferiores permanentes y segundos molares superiores e inferiores primarios. Se llenaron fichas clínicas para cada escolar preparadas para este estudio. Se utilizó el modelo matemático de Regresión Logística para poder relacionar las variables, en este caso la presencia o la ausencia de cada tubérculo y la unilateralidad y bilateralidad de los mismos. Con los resultados obtenidos se determinó que el Tubérculo de Carabelli tiene un 77% aproximadamente de relación directa entre primeros molares superiores derechos e izquierdos permanentes y segundos molares superiores derechos e izquierdos primarios. Se determinó que el Tubérculo de Selenka se presenta en primer molar inferior izquierdo permanente en un 28% de los casos cuando aparece en segundo molar inferior derecho primario, se concluyó que en la muestra estudiada en la Cabecera Departamental de Chiquimula el Tubérculo Sextum se presenta en primeros molares inferiores derechos e izquierdos permanentes en un 16% de los casos cuando aparece en segundos molares inferiores derechos e izquierdos primarios.
650 0 2 _aDentición
_92669
650 0 2 _aSistema estomatognático
_91675
650 0 2 _a Anomalías dentarias
_91670
650 0 2 _aDiente molar
_99275
700 1 0 _aAceituno Juárez, Marco Tulio
_easesor
_910963
700 1 0 _aRosales Escribá, Guillermo
_easesor
_910964
856 _u http://www.repositorio.usac.edu.gt/id/eprint/15677
_zTexto completo
942 _aBiblioteca Facultad de Odontología
_cTESIS
_kT2263
_n0
999 _c4337
_d4337